000 00332nam a2200133Ia 4500
008 210210b1995 xxu||||| |||| 00| 0 eng d
082 _a153.9 YEPH
100 _aYEPSEN (Roger B).
245 _aHow to boost your brain power.
260 _aND
_bUniversal Book Stall
_c1995
440 _a220
690 _aPsychology
906 _a050206
999 _c98705
_d98705